| LEADER |
01277nam0a2200169 450 |
| 001 |
16823326 |
| 010 |
|
|
|a 978-2-8462-6963-6
|b br.
|d 15
|
| 100 |
|
|
|a 20151203d2026 u u0frey01 ba
|
| 200 |
0 |
|
|a Macadam
|e nouvelles
|f Jean-Paul Didierlaurent
|
| 207 |
|
1 |
|a
|
| 210 |
|
|
|a Vauvert (Gard)
|c Au diable Vauvert
|d impr. 2015, cop. 2015
|
| 215 |
|
|
|a 1 vol. (159 p.)
|c ill.
|d 20 cm
|
| 330 |
|
|
|a Un prêtre qui s'ennuie pendant les confessions devient accro à la Game Boy ; un vieillard qui attend de mourir assassine en douceur ses voisins de chambre dans une maison de retraite ; un moustique écrasé sur une partition sabote une corrida ; pour mettre fin à une discorde, un fossoyeur enterre les aiguilles des deux clochers de son village... Macadam recueille plus de dix années d'écriture et de concours de nouvelles. L'auteur du Liseur du 6h27 y dévoile de nouvelles facettes de son talent, tout aussi bien sombres que joyeuses ou humoristiques. Les lecteurs y retrouveront en germes les éléments et la magie qu'ils ont pu découvrir dans son roman : l'univers d'un écrivain original et populaire.
|
| 700 |
|
0 |
|a Didierlaurent
|b Jean-Paul
|4 70
|
| 900 |
|
|
|a Roman
|
| 901 |
|
|
|a Accessible au prêt
|
| 995 |
|
|
|a Bibliothèque
|c Bibliothèque
|f 024016538
|h 024016538
|k R DID
|o p
|q a
|r az
|e Bibliothèque
|